000
00339pab a2200157 454500
008
180718b2001 xxu||||| |||| 00| 0 eng d
100
_a
Mehra, Ajay K.
245
_a
Police accountability
260
_c
2001
300
_a
p.10
362
_a
28 May
650
_a
Police - India
650
_a
Police
773
_a
Hindu
909
_a
49510
999
_c
49510
_d
49510